000 00855nam a2200253Ia 4500
003 OSt
005 20220930200410.0
006 a|||||r|||| 00| 0
007 ta
008 220926b |||||||| |||| 00| 0 eng d
024 _a27786
037 _cDissertations
040 _aCRL
_cCRL
_beng
041 _2eng
_aeng
100 _aBajaj Sangeeta
_9564887
110 _aUniversity of Delhi. Faculty of Medical Sciences. Department of Obstetrics and Gynaecology
245 0 _aClinical and urodynamic evaluation of genital prolapse cases undergoing surgery
260 _c1991
650 _aWOMEN - DISEASES
700 _a Dr P Chadha Supervisor
700 _aUniversity of Delhi. Faculty of Medical Sciences. Department of Obstetrics and Gynaecology
942 _cDIS
_2CC
999 _c900557
_d900557